2023アジアカップ日本代表 - Statistics

General Stats
  • This quiz has been taken 13 times
  • The average score is 20 of 26
Answer Stats
背番号 名前 所属チーム % Correct
4 板倉滉 ボルシアMG
100%
7 三笘薫 ブライトン
100%
8 南野拓実 ASモナコ
100%
10 堂安律 SCフライブルク
100%
20 久保建英 レアル・ソシエダ
100%
22 冨安健洋 アーセナル
100%
25 前田大然 セルティック
100%
3 谷口彰悟 アルヤランSC
91%
5 守田英正 スポルティングCP
91%
6 遠藤航 リヴァプール
91%
9 上田綺世 フェイエノールト
91%
13 中村敬斗 スタッド・ランス
91%
14 伊東純也 スタッド・ランス
91%
17 旗手怜央 セルティック
91%
23 鈴木彩艶 シントトロイデンVV
91%
2 菅原由勢 AZアルクマール
82%
18 浅野拓磨 ボーフム
82%
21 伊藤洋輝 シュツットガルト
82%
11 細谷真大 柏レイソル
64%
15 町田浩樹 ユニオン・サンジロワーズ
64%
1 前川黛也 ヴィッセル神戸
55%
24 渡辺剛 KAAヘント
45%
12 野澤大志ブランドン FC東京
36%
19 中山雄太 ハダースフィールド
36%
26 佐野海舟 鹿島アントラーズ
36%
16 毎熊晟矢 セレッソ大阪
27%
No matching quizzes found
Score Distribution
Percent of People with Each Score
Percentile by Number Answered
Your Score History
You have not taken this quiz